Marche di automobili #1 - Statistics

Statistiche generali
  • Questo quiz è stato fatto 632 volte
  • Il punteggio medio è 10 su 14
Risposte nella Mappa
Le risposte nella mappa del quiz sottostante sono codificate secondo una scala di colori dal rosso al verde in base alla % di persone che hanno risposto correttamente.
 
Statistiche sulle risposte
Risposta % Corretto
Jaguar
87%
Bugatti
83%
Maserati
81%
Rolls-Royse
79%
Suzuki
77%
Toyota
77%
Mazda
76%
Mitsubishi
74%
Hyundai
73%
Subaru
70%
Honda
69%
Dodge
63%
Buick
58%
Cadillac
57%
Nessun quiz corrispondente trovato
Distribuzione punteggi
Percentuale di utenti per punteggio
Percentile per numero di risposta
I tuoi punteggi nel tempo
Non hai fatto questo quiz